Romania City Quiz - Statistics

General Stats
  • This quiz has been taken 51 times
  • The average score is 9 of 11
Answer Stats
City % Correct
Bucharest
100%
Cluj-Napoca
97%
Constanta
90%
Timisoara
90%
Iasi
87%
Brasov
85%
Craiova
85%
Ploiesti
67%
Oradea
64%
Galati
59%
Braila
51%
No matching quizzes found
Score Distribution
Percent of People with Each Score
Percentile by Number Answered
Your Score History
You have not taken this quiz